000 00542nam a2200193Ia 4500
005 20250326141812.0
008 250326s9999 xx 000 0 und d
020 _a0-13-551482-7
037 _aTextbook
040 _aFMSL
_beng
_cFMSL
041 _aeng
_2eng
084 _aX:51y7 M8
_qFMSL
100 _aStern Louis W
_9125371
245 0 _aManagement in marketing channels
_cStern Louis W
260 _aNew Delhi
_bNew Delhi, Prentice-Hall
_c1989
300 _a528p
942 _cTB
_hX:51y7 M8
999 _c1292036
_d1292036